Guide to economic laws of Japan

Wedi'i Gadw mewn:
Manylion Llyfryddiaeth
Awdur Corfforaethol: Financial Commissioner's Office, Ministry of Finance.
Fformat: Llyfr
Iaith:Undetermined
Cyhoeddwyd: Tokyo Kobunsha Co. 1950
Pynciau:
Tagiau: Ychwanegu Tag
Dim Tagiau, Byddwch y cyntaf i dagio'r cofnod hwn!
Thư viện lưu trữ: Trung tâm Học liệu Trường Đại học Cần Thơ
LEADER 00564nam a2200193Ia 4500
001 CTU_86375
008 210402s9999 xx 000 0 und d
082 |a 343.52 
082 |b F491 
110 |a Financial Commissioner's Office, Ministry of Finance. 
245 0 |a Guide to economic laws of Japan 
245 0 |c Financial Commissioner's Office, Ministry of Finance. 
260 |a Tokyo 
260 |b Kobunsha Co. 
260 |c 1950 
650 |a Corporation law 
650 |z Japan 
904 |i Năm 
980 |a Trung tâm Học liệu Trường Đại học Cần Thơ